<?xml version='1.0' encoding='UTF-8'?>
  <record xmlns="http://www.loc.gov/MARC21/slim">
    <leader>00000cam a22000007i 4500</leader>
    <controlfield tag="001">ocm65949105</controlfield>
    <controlfield tag="003">OCoLC</controlfield>
    <controlfield tag="005">20250326215737.4</controlfield>
    <controlfield tag="008">920410s1628    ng            000 0 dut d</controlfield>
    <datafield tag="040" ind1=" " ind2=" ">
      <subfield code="a">NLGGC</subfield>
      <subfield code="b">dut</subfield>
      <subfield code="e">fobidrtb</subfield>
      <subfield code="c">NLGGC</subfield>
      <subfield code="d">QGJ</subfield>
      <subfield code="d">OCLCQ</subfield>
    </datafield>
    <datafield tag="026" ind1=" " ind2=" ">
      <subfield code="e">162808 - b1 A2 oor$ : b2 N5 de$z</subfield>
    </datafield>
    <datafield tag="029" ind1="0" ind2=" ">
      <subfield code="a">NLGGC</subfield>
      <subfield code="b">091822963</subfield>
    </datafield>
    <datafield tag="035" ind1=" " ind2=" ">
      <subfield code="a">(OCoLC)65949105</subfield>
    </datafield>
    <datafield tag="041" ind1="1" ind2=" ">
      <subfield code="a">dut</subfield>
      <subfield code="h">ger</subfield>
    </datafield>
    <datafield tag="245" ind1="0" ind2="0">
      <subfield code="a">Vorstelijck gheschenck :</subfield>
      <subfield code="b">dat is een medecynboeck, inhoudende vele gheproefde ende goet ghevonden medecijn-stucken, om alderhande sieckten, krancheden ende veelderley heymelijcke gebreken in des menschen lichaem (so wel jonc als out) te ghenesen ; alles in grooter weerden ende hooge achtbaerheyt ghehouden in den vorstelijcken Huyse van die van Nassouwen, Prince van Orangien ende den Heere van Aenholt, ende in andere heerlijcke huysingen ... /</subfield>
      <subfield code="c">nu eerstelijck uyt desselven gheschreven copye uyt den Hoochduytsche in onse gemeyne Nederlandsche tale ... overgheset ende in druck ghebracht.</subfield>
    </datafield>
    <datafield tag="260" ind1=" " ind2=" ">
      <subfield code="a">Tot Amstelredam, :</subfield>
      <subfield code="b">voor Hendrick Laurensz boeckvercooper op 'tWater in het Schrijfboeck,</subfield>
      <subfield code="c">1628.</subfield>
    </datafield>
    <datafield tag="300" ind1=" " ind2=" ">
      <subfield code="a">194, [12] p. ;</subfield>
      <subfield code="c">in-8 (15 cm)</subfield>
    </datafield>
    <datafield tag="336" ind1=" " ind2=" ">
      <subfield code="a">tekst</subfield>
      <subfield code="b">txt</subfield>
      <subfield code="2">rdacontent/dut</subfield>
    </datafield>
    <datafield tag="337" ind1=" " ind2=" ">
      <subfield code="a">zonder medium</subfield>
      <subfield code="b">n</subfield>
      <subfield code="2">rdamedia/dut</subfield>
    </datafield>
    <datafield tag="338" ind1=" " ind2=" ">
      <subfield code="a">band</subfield>
      <subfield code="b">nc</subfield>
      <subfield code="2">rdacarrier/dut</subfield>
    </datafield>
    <datafield tag="500" ind1=" " ind2=" ">
      <subfield code="a">Collatieformule: A6 [ch]1 B-N8.</subfield>
    </datafield>
    <datafield tag="510" ind1="4" ind2=" ">
      <subfield code="a">Bibliotheca medica Neerlandica,</subfield>
      <subfield code="c">1, 377</subfield>
    </datafield>
    <datafield tag="710" ind1="0" ind2=" ">
      <subfield code="a">Laurensz, Hendrick (Amsterdam)</subfield>
      <subfield code="4">prt</subfield>
      <subfield code="0">(NL-LeOCL)077137523</subfield>
    </datafield>
    <datafield tag="936" ind1=" " ind2=" ">
      <subfield code="a">BATCHLOAD</subfield>
    </datafield>
  </record>